000 01339cam a22002535a 4500
001 L142204
008 080129s2007 xxk f 001 0 eng d
020 _a9781843117087
035 _a(Sirsi) u142204
041 0 _aeng
050 0 4 _a347.4109 $2 18
100 1 _aHorn, Ben
245 0 0 _aArbitration law handbook
260 _aLondon
_bInforma Law
_c2007
300 _axv, 1016p.
_c25cm.
505 2 _aAgreements relating to international commercial arbitration -- Australia -- Austria -- Belgium -- Brazil -- Canada -- China -- France -- Germany -- Hong Kong -- India -- Ireland -- Japan -- Korea -- Mexico -- Netherlands -- Norway -- Russian Federation -- Singapore -- Sweden -- Switzerland -- Ukraine -- United Arab Emirates -- United Kingdom -- United States of America
520 _aPresents a collection of the laws governing arbitration in 25 countries. Includes procedural rules and any separate maritime arbitration rules. Also mentions treaty obligations. Covers the main arbitral bodies. Also sets out the UNCITRAL Model Law and Arbitration Rules, and major international conventions.
521 2 _aAdvanced
590 _aKA
651 4 _aInternational
690 _aMANAGEMENT-DISPUTE AVOIDANCE, MANAGEMENT AND RESOLUTION-DISPUTE MANAGEMENT AND RESOLUTION-ARBITRATION
700 1 _aHopkins, Roger
942 _n0
999 _c107850
_d107850